| 000 | 01076nam a22002657a 4500 | ||
|---|---|---|---|
| 001 | 8759 | ||
| 003 | FISKH | ||
| 005 | 20251017114303.0 | ||
| 008 | 251017b cb ||||| |||| 00| 0 eng d | ||
| 020 | _a9789995001735 | ||
| 040 |
_aFISKH _bkhr _cFISKH _dFISKH |
||
| 050 | _aPZ7 | ||
| 082 | _a895 | ||
| 100 | _aSakal, Ngoun | ||
| 245 |
_aមិត្តដ៏ឧត្តម ( កំណាព្យ ) / _cអ្នកនិពន្ធ អ្នកស្រី ងួន សាកល , អ្នកវាយអត្ថបទ អ្នកស្រី ហាក់ ផាន្នី |
||
| 260 |
_aភ្នំពេញ : _bគ្រឹះស្ថានបោះពុម្ពនិងចែកផ្សាយ , _c2013. |
||
| 300 |
_a16 pages : _bcolor illustrations ; _c17 X 18 cm . |
||
| 490 | _aកម្រងរឿងនិទានអប់រំសម្រាប់កុមារ | ||
| 505 | _aP | ||
| 521 | 8 |
_a650
_bLexile estimate |
|
| 521 | 8 |
_aP
_bRaz-Plus |
|
| 700 |
_aSak, Mike _eIllustrator |
||
| 942 |
_2ddc _cKHB _n0 |
||
| 999 |
_c8759 _d8759 |
||